Statistics for Mistaken Capitals of Countries

Click here to take the quiz!

General Stats

  • This quiz has been taken 69 times
  • The average score is 14 of 16

Answer Stats

CityCountry% Correct
SydneyAustralia
100%
IstanbulTurkey
98%
Rio De JaneiroBrazil
97%
TorontoCanada
97%
New YorkUSA
97%
Los AngelesUSA
95%
MumbaiIndia
94%
DubaiUAE
94%
São PauloBrazil
92%
JohannesburgSouth Africa
90%
GenevaSwitzerland
90%
Tel AvivIsrael
89%
AucklandNew Zealand
89%
MarrakeshMorocco
77%
LagosNigeria
77%
Dar es SalaamTanzania
56%

Score Distribution

Percentile by Number Answered

Percent of People with Each Score

Your Score History

You have not taken this quiz